Personalisti v podmienkach EÚ

Prínos 10. konferencie Združenia pre riadenie a rozvoj ľudských zdrojov k rozvoju personálneho manažmentu na Slovensku. Podnety a poznatky zahraničných účastníkov konferencie pre ďalšiu činnosť Združenia. Rozhovor s prezidentkou Združenia PhDr. Annou Hudákovou.

Salvato in:
Dettagli Bibliografici
Autore principale: Hudáková, Anna
Natura: Capitolo di libro
Lingua:slovacco
Soggetti:
Tags: Aggiungi Tag
Nessun Tag, puoi essere il primo ad aggiungerne!!

MARC

LEADER 00000naa$a2200000$$$4500
001 0023899
005 20230825102822.5
041 0 |a slo 
044 |a SK 
245 1 0 |a Personalisti v podmienkach EÚ  |c Anna Hudáková 
520 |a Prínos 10. konferencie Združenia pre riadenie a rozvoj ľudských zdrojov k rozvoju personálneho manažmentu na Slovensku. Podnety a poznatky zahraničných účastníkov konferencie pre ďalšiu činnosť Združenia. Rozhovor s prezidentkou Združenia PhDr. Annou Hudákovou. 
610 2 0 |a manažment personálny 
610 2 0 |a združenia 
610 2 0 |a riadenie ľudských zdrojov 
610 2 0 |a Slovensko 
610 2 0 |a konferencie 
610 2 0 |a interview 
100 1 |a Hudáková, Anna